Statistiques concernant Culture Générale - Série 1187

Cliquez ici pour prendre le quiz!

Statistiques générales

  • Ce quiz a été pris 38 fois
  • Le résultat moyen est 6 sur 10

Statistiques - réponses

QuestionRéponse% Correct
Complétez la formule que l'on prête aux bandits : "La bourse ou la...vie
97%
Quel assemblage décoratif de fleurs désigne traditionnellement le final d'un feu d'artifice ?bouquet
94%
Dans quel département se trouve la ville de Vannes ?Morbihan
78%
Dans quel film Yves Montand susurre-t-il à Louis de Funès : “Il est l'or, l'or de se réveiller, mon seignor, il est huit or...” ?La Folie des grandeurs
69%
De quelle ville saint Remi a-t-il été l'évêque, vers 459 ?Reims
56%
Dans quel État des États-Unis se trouve le parc national du Grand Canyon ?Arizona
53%
Quelle ville d'Anjou fut la capitale de l'État féodal des Plantagenêts ?Angers
44%
Quelle actrice, prénommée Bernadette, interprète le rôle de Marie, aux côtés de Jean-Claude Brialy dans “Le Beau Serge”, réalisé en 1958 par Claude Chabrol ?Bernadette Lafont
42%
Quelle motif géométrique peut-on voir sur la couronne de Wonder Woman alias Lynda Carter ?étoile
33%
Quel chanteur américain a interprété en 1974 le tube "Can't Get Enough Of Your Love, Babe" ?Barry White
11%

Distribution des résultats

Percentile par nombre de réponses

% des personnes avec chaque résultat

Votre développement - résultats

Vous n’avez pas pris ce quiz